Central Library OPAC University of Rajshahi

Bangladesh : (Record no. 52814)

MARC details
000 -LEADER
fixed length control field 00854nam a2200241 a 4500
001 - CONTROL NUMBER
control field 52814
003 - CONTROL NUMBER IDENTIFIER
rucl marc code BD-RjUL
005 - DATE AND TIME OF LATEST TRANSACTION
control field 20211209075850.0
008 - FIXED-LENGTH DATA ELEMENTS--GENERAL INFORMATION
fixed length control field 160927s2001 th ab b i000 0 eng
020 ## - INTERNATIONAL STANDARD BOOK NUMBER
International Standard Book Number 9280720171
035 ## - SYSTEM CONTROL NUMBER
System control number (BD-RjUL)52934
040 ## - CATALOGING SOURCE
Original cataloging agency DLC
Transcribing agency DLC
Modifying agency DLC
Language of cataloging eng
041 ## - LANGUAGE CODE
Language code of text/sound track or separate title eng
082 ## - DEWEY DECIMAL CLASSIFICATION NUMBER
Edition number 23
Classification number 577.95492
Author mark and year BAN 2001
245 00 - TITLE STATEMENT
Title Bangladesh :
Remainder of title State of the environment, 2001 /
260 ## - PUBLICATION, DISTRIBUTION, ETC. (IMPRINT)
Place of publication, distribution, etc. Pathumthani, Thailand :
Name of publisher, distributor, etc. United Nations Environment Programme :
-- Distributed by United Nations Environment Programme, Regional Resource Centre for Asia and the Pacific,
Date of publication, distribution, etc. c2001.
300 ## - PHYSICAL DESCRIPTION
Pagination 50 p. :
Illustrations ill., ;
Size 31 cm.
504 ## - BIBLIOGRAPHY, ETC. NOTE
Bibliography, etc Includes bibliographical references.
650 ## - SUBJECT ADDED ENTRY--TOPICAL TERM
Topical term or geographic name as entry element Ecology
Geographic subdivision Bangladesh
9 (RLIN) 124448
710 2# - ADDED ENTRY--CORPORATE NAME
Corporate name or jurisdiction name as entry element United Nations Environment Programme.
9 (RLIN) 157934
942 ## - ADDED ENTRY ELEMENTS (KOHA)
Source of classification or shelving scheme Dewey Decimal Classification
Koha item type Books
Holdings
Lost status Source of classification or shelving scheme Damaged status Not for loan Collection code Permanent Location Current Location Shelving location Date acquired Source of acquisition Cost, normal purchase price Total Checkouts Full call number Date last seen Copy number Koha item type
  Dewey Decimal Classification     Non-fiction Central Library, University of Rajshahi Central Library, University of Rajshahi   04/04/2009 RUCL 200.00   577.95492 BAN 2001 27/09/2016 C-2 Books